000 00681nam a2200253Ia 4500
003 OSt
005 20221005083927.0
006 a|||||r|||| 00| 0
007 ta
008 221004b |||||||| |||| 00| 0 eng d
020 _a0300033265
024 _a41666
037 _cTextual
040 _aCRL
_cCRL
_beng
041 _2eng
_aeng
082 _aO111,4M19x, M5
100 _aHaight Gordon S Ed.
245 0 _aSelection from George Eliot's letters
260 _aNew Haven
_bYale University
_c1985
300 _ax, 567p
_ccm.
650 _aENGLISH LITERATURE
942 _hO111,4M19x, M5
_cTEXL
_2cc
999 _c991766
_d991766